ბათუმის შოთა რუსთაველის სახელმწიფო უნივერსიტეტის ბიბლიოთეკა

კედელი:მოთხრობები,მოგონებები,პიესები (ბიბ.ჩანაწერი № 42075)

000 -LEADER
fixed length control field 01105nam a2200229Ia 4500
001 - CONTROL NUMBER
control field 8765
003 - CONTROL NUMBER IDENTIFIER
control field GE_BSU
008 - FIXED-LENGTH DATA ELEMENTS--GENERAL INFORMATION
fixed length control field 181216s||||||||xx |||||||||||||| ||und||
040 ## - CATALOGING SOURCE
Transcribing agency GE_BSU
080 ## - UNIVERSAL DECIMAL CLASSIFICATION NUMBER
Universal Decimal Classification number 821.353.1–32
100 ## - MAIN ENTRY--PERSONAL NAME
Personal name ირეთელი, პოლიო
245 ## - TITLE STATEMENT
Title კედელი:მოთხრობები,მოგონებები,პიესები
245 ## - TITLE STATEMENT
Remainder of title მოთხრობები,მოგონებები,პიესები.
245 ## - TITLE STATEMENT
Statement of responsibility, etc. წიგნი შეადგ.თ.ანდღულაძემ და ც.კალანდაძემ; წინასიტყვ:შ.აფხაიძის. რედ:გრ.ჩიქოვანი. მხატ:ირ.ჯანაშვილი.:
260 ## - PUBLICATION, DISTRIBUTION, ETC.
Place of publication, distribution, etc. თბილისი
260 ## - PUBLICATION, DISTRIBUTION, ETC.
Name of publisher, distributor, etc. ლიტერატურა და ხელოვნება
260 ## - PUBLICATION, DISTRIBUTION, ETC.
Date of publication, distribution, etc. 1964
300 ## - PHYSICAL DESCRIPTION
Extent 395გვ; 1ფ.პორტრ. 20სმ.
653 ## - INDEX TERM--UNCONTROLLED
Uncontrolled term კედელი
653 ## - INDEX TERM--UNCONTROLLED
Uncontrolled term მოთხრობები,მოგონებები,პიესები.
942 ## - ADDED ENTRY ELEMENTS (KOHA)
Koha item type წიგნი
ეგზემპლარები
Withdrawn status Lost status Damaged status Not for loan Date acquired Barcode Date last seen Price effective from Koha item type Public note
        2018-12-17 31122 2018-12-17 2018-12-17 წიგნი  
        2018-12-17 31123 2018-12-17 2018-12-17 წიგნი  
        2018-12-17 31124 2018-12-17 2018-12-17 წიგნი  
        2018-12-17 41343 2018-12-17 2018-12-17 წიგნი აგრარული ტექ.ფაკ.
        2018-12-17 41342 2018-12-17 2018-12-17 წიგნი აგრარული ტექ.ფაკ.
        2018-12-17 41344 2018-12-17 2018-12-17 წიგნი აგრარული ტექ.ფაკ.